000 00727nam a2200253Ia 4500
003 OSt
005 20220928124553.0
006 a|||||r|||| 00| 0
007 ta
008 220927b |||||||| |||| 00| 0 eng d
020 _cUKP 165.00
024 _a136094
037 _b50, 13/10/2017, Better Book Service
_cTextual
040 _aSDCL
_cSDCL
_beng
041 _2eng
_aeng
082 _aP99, Q7
100 _aWeigand Edda
_9466275
245 0 _aRoutledge handbook of language and dialogue
260 _aNew York
_b Routledge
_c2017
300 _axvi,374p.
_ccm.
650 _aEnglish
942 _hP99, Q7
_cTEXL
_2CC
999 _c779133
_d779133